000 01318cam a2200277 4500
008 030923n2003 000 0 eng u
020 _a18511265997
035 _a(Sirsi) u123689
041 _aeng
050 _a306.1
_c18
110 _aUnited Kingdom
_bOffice of the Deputy Prime Minister
245 _aImproving the delivery of affordable housing in London and the south east
260 _aLondon
_bODPM
_c2003
350 _a20
490 _aODPM Housing Research Summary
_v198
520 _aSummary and full report of research undertaken by ERM Planning, in association with CgMS, Sustainable Property Consultants and London Residential Research. The main objective was to identify ways of improving the delivery of affordable housing through the development process. Based on research in 10 case study local authorities (four in London, six in southeast England). View the summary and the full report at www.housing.odpm.gov.uk/.
650 _aAffordable housing
_96215
650 _aPLANNING POLICY
650 _aLONDON
650 _aDEVELOPMENT PROCESS
650 _aSOUTHEAST ENGLAND
650 _aHOUSING PROVISION
690 _aHOUSING-DEVELOPMENT
856 _uhttps://www.communities.gov.uk/index.asp?id=1155558
_zView the summary and the full report on the ODPM website...
942 _n0
999 _c103095
_d103095